000 00605nam a2200205Ia 4500
008 140609s9999 xx 000 0 und d
020 _a9781435896321
050 _aP 91.2
_b.W539 2011
100 _aWilson, Rosie.
245 _aMedia and communications industry /
_cRosie Wilson
260 _aNew York :
_bRosen Central,
_cc2011.
300 _a46 p. :
_bcol. ill. ;
_c25 cm.
440 _a(A closer look: global industries).
500 _aIncludes glossary and index.
521 _aMC
650 _aMass media and globalization.
650 _aMass media.
942 _kFOR
_cBK
999 _c118185
_d118185